[Event "Corus A"]
[Site "Wijk aan Zee NED"]
[Date "2005.01.20"]
[Round "5"]
[White "Sokolov,I"]
[Black "Van Wely,L"]
[Result "1/2-1/2"]
[WhiteElo "2685"]
[BlackElo "2679"]

1.d4 Nf6 2.c4 e6 3.Nc3 Bb4 4.Qc2 d5 5.cxd5 exd5 6.Bg5 h6 7.Bh4 c5 8.dxc5 g5
9.Bg3 Ne4 10.e3 Qa5 11.Ne2 Bf5 12.Bxb8 Rxb8 13.Nd4 Bd7 14.Nb3 Bxc3+ 15.bxc3 Qxc3+
16.Qxc3 Nxc3 17.f3 Ke7 18.Kd2 Na4 19.Rc1 Rhc8 20.Bd3 Rc7 21.Rc2 Rbc8 22.Rhc1 h5
23.Na5 Nxc5  1/2-1/2